000 00491nam a2200157Ia 4500
008 180901s9999 xx 000 0 und d
020 _a9780323416191
100 _aDonnelly,Lane F.
245 _cLane F. Donnelly.
_aFundamentals of pediatric imaging /
250 _a2nd ed
260 _aUSA :
_bElsevier
_c2017
300 _aviii, 334 pages :
_billustrations.
500 _aIncludes bibliographic reference and index.
650 _aChild.
650 _aMESH: Diagnostic imaging -- methods.
999 _c358518
_d358518